zpět

Detail výsledku týmu

The Pub Praha 2 ST, Praha

Datum a čas kvízu

24.5 Celkem bodů Celkový počet nahraných bodů na tomto kvízu bez doplňovacích otázek.
14. Pořadí na kvízu Konečné umístění týmu na tomto kvízu.

Zaznamenané odpovědi

# Otázka Odpověď Body Výsledky
1. Jistá česká osobnost získala m... Václav Havel 0
2. V jednom z evropských států je... Lucembursko 1
3. V pondělí jsme mohli zaznamena... Kancelář Blaník 0
4. Akcionáři jedné mediální spole... CME, PPF 1
5. Český profesionální cyklista p... Leopold König 0
6. Peníze máme v ruce každý den,... Česká národní banka 1
7. Která z těchto osobností jako... A 0
8. Celkem kolikrát je na obou str... čtyřikrát 1
9. Kolik Kč činí nominální hodnot... 200 Kč 1
10. Které z mincí o hodnotě 1 až 5... všechny 0